| 000 | 00581nam a2200169Ia 4500 | ||
|---|---|---|---|
| 008 | 090201s9999 xx 000 0 und d | ||
| 010 | _aKPL-23002 | ||
| 040 | _bमराठी | ||
| 041 | _aमराठी | ||
| 082 |
_a4503 _b23002 |
||
| 100 | _aछाया कोलारकर | ||
| 245 |
_aसर्वोतकृष्ठ मराठी कथा _cछाया कोलारकर |
||
| 260 |
_c2004 _bछाया कोलारकर |
||
| 300 |
_a208 _bमोठा |
||
| 600 | _aसर्वोतकृष्ठ मराठी कथा | ||
| 942 | _cBOOK | ||
| 999 |
_c205535 _d205535 |
||